000 00861nmm a2200277 a 4500
001 ocm000593912
003 TR-IsHL
005 20201028130825.0
008 131010s1999 tu tur
007 cr cn
020 _a9789758257508
035 _a593912
_b(N$T)
050 0 4 _aPN5355.T9
_bA35 1999
090 0 4 _aPN5355.T9
_bA35 1999
100 1 _aAkın, Kenan
245 1 0 _aMedyatik Türkiye
_h[electronic resource] /
_cKenan Akın
250 _a1. bs.
260 _aİstanbul :
_bBirey Yayıncılık,
_c1999
300 _a128 p.
650 4 _aMedya ve İletişim
650 4 _aCommunication & Media
650 0 _aGazetecilik
_x Türkiye
650 0 _aJournalism
_x Turkey
650 7 _aLANGUAGE ARTS & DISCIPLINES / Journalism
_2bisacsh
856 4 0 _uhttp://search.ebscohost.com/login.aspx?direct=true&scope=site&db=e011xww&AN=593912
999 _c4231
_d4231